5 NFL Teams With Most Super Bowl Wins - Statistics

General Stats
  • This quiz has been taken 171 times
  • The average score is 4 of 5
Answer Stats
# of Super Bowls Answer % Correct
6 New England Patriots
99%
6 Pittsburgh Steelers
89%
5 Dallas Cowboys
80%
4 Green Bay Packers
78%
5 San Fransisco 49ers
77%
No matching quizzes found
Score Distribution
Percent of People with Each Score
Percentile by Number Answered
Your Score History
You have not taken this quiz